000 00516nam a2200169 a 4500
005 20140412111240.0
008 000818s19uu xx 00 eng d
050 _aM 611
_bA44 19_? v.2
100 _aHayakawa, Dr. H.
245 _aAll about our bodies :
_b2-our digestion /
_cDr. H. Hyakawa ; illustrated by A. Kubota and Y. Sakaigi.
260 _aTokyo :
_bFroebel-kan co., ltd.
300 _a1 v. (unp.) ; ill.
440 _aAll About Our Bodies
650 _aBodies
650 _aDigestions
999 _c102689
_d102689